000 01250nam a22002897a 4500
003 OSt
005 20240917142537.0
008 240917b |||||||| |||| 00| 0 eng d
020 _a9781844077816 (hbk.)
020 _a9781844077823 (pbk.)
035 _a(OCoLC)ocn317824545
040 _aMMU
_cMMU
_dMMU
_beng
042 _apcc
050 0 0 _aS 589.7 .P47 2009
100 1 _aPerfecto, Ivette.
_91848
245 1 0 _aNature's matrix :
_blinking agriculture, conservation and food sovereignty /
_cIvette Perfecto, John Vandermeer and Angus Wright.
260 _aLondon ;
_aSterling, VA :
_bEarthscan,
_c2009.
300 _ax, 242 p. :
_bill., maps ;
_c24 cm.
504 _aIncludes bibliographical references and index.
505 0 _aMatrix matters: an overview -- The ecological argument -- The agricultural matrix -- The broad social context for understanding biodiversity, conservation and agriculture -- Coffee, cacao and food crops: case studies of agriculture and biodiversity -- The new paradigm.
650 0 _aAgricultural ecology.
_91849
650 0 _aAgrobiodiversity conservation.
_91850
650 0 _aFood sovereignty.
_91851
700 1 _aVandermeer, John H.
_91852
700 1 _aWright, Angus Lindsay.
_91853
942 _2lcc
_cLOAN LOAN
999 _c33053
_d33050